000 01492nam a2200301 a 4500
001 BRCA_2777
005 20190320203950.0
008 081208s1902----sp-a---###---#000-0#spa-u
041 _aspa
044 _asp
084 _a245
_b.C355
_c1902
100 1 _aCervantes Saavedra, Miguel de
_d1547-1616
_9213
245 1 0 _aEl Ingenioso Hidalgo Don Quijote de la Mancha
_ccompuesto por Miguel de Cervantes Saavedra.
260 _aMadrid
_bSaturnino Calleja Fernández
_c1902
300 _axix, 644 p.
_bil.
_c10 cm.
500 _aContenido : Primera parte. Retrato de Cervantes. Dedicatoria del autor. Prólogo del autor. Versos preliminares. Texto. Segunda parte. Dedicatoria del autor. Prólogo del autor. Texto
500 _aEdición : Edición de bolsillo ilustrada con dibujos de M. Ángel, grabados por Carretero y Sampietro
500 _aEdición microscópica, con los mismos grabados de las anteriores, reducidos al menor tamaño de la misma Casa editorial. Lomera y cubiertas decoradas con motivos quijotiles en varios colores Lúdovik Osterc
500 _aEstado físico : Cubierta posterior ligeramente desprendida
500 _aQMB15
650 1 4 _aNovela española
_yÉpoca clásica, 1500-1700
_9215
650 1 4 _aLiteratura española
_yÉpoca clásica, 1500-1700
_9216
650 1 4 _aNovela española
_ySiglo XVII
_9217
650 1 4 _aDon Quijote (Personaje ficticio)
_eNovela
_9218
740 0 _aEl Ingenioso Hidalgo Don Quijote de la Mancha
902 _aQFM
942 _2lcc
_cB
999 _c2517
_d2517